Statistics for Sri Lanka's capital full length in 15 seconds

Click here to take the quiz!

General Stats

  • This quiz has been taken 73 times
  • The average score is 16 of 23

Answer Stats

Answer% Correct
S
100%
R
98%
I
95%
J
90%
A
88%
A
80%
A
80%
R
80%
W
80%
Y
80%
D
76%
E
73%
N
71%
A
61%
P
51%
U
49%
A
46%
R
46%
K
44%
O
44%
E
41%
T
41%
T
41%

Score Distribution

Percentile by Number Answered

Percent of People with Each Score

Your Score History

You have not taken this quiz